书目信息 |
| 题名: |
孔孟思想本源
|
|
| 作者: | 王卫华 , 王绯烨 编著 | |
| 分册: | ||
| 出版信息: | 兰州 甘肃人民出版社 2022.06 |
|
| 页数: | 184页 | |
| 开本: | 24cm | |
| 丛书名: | ||
| 单 册: | ||
| 中图分类: | B222.25 , B222.55 | |
| 科图分类: | ||
| 主题词: | 思想评论--si xiang ping lun--中国--春秋时代 , 思想评论--si xiang ping lun--中国--战国时代 | |
| 电子资源: | ||
| ISBN: | 978-7-226-05814-5 | |
| 000 | 01373nam0 2200301 450 | |
| 001 | CAL 012022004716 | |
| 005 | 20230217093112.0 | |
| 010 | @a978-7-226-05814-5@dCNY50.00 | |
| 100 | @a20220830d2022 em y0chiy0120 ea | |
| 101 | 0 | @achi |
| 102 | @aCN@b620000 | |
| 105 | @ay z 000yy | |
| 106 | @ar | |
| 200 | 1 | @a孔孟思想本源@Akong meng si xiang ben yuan@f王卫华, 王绯烨编著 |
| 210 | @a兰州@c甘肃人民出版社@d2022.06 | |
| 215 | @a184页@d24cm | |
| 314 | @a王卫华, 江苏省作协会员、中国散文家协会会员。 | |
| 330 | @a本书是一本介绍中国传统优秀文化的通俗读本。孔子和孟子都是中国古代著名的思想家、哲学家, 他们的哲学思想对后世的影响十分深远, 不仅留下了扎实的哲学理论知识, 也留下了许多令人振聋发聩的哲言警句。所以, 本书从孔子、孟子特有的哲学家视角出发, 将晦涩难懂的文言文散文化、故事化, 通过优美隽永的文字、清新自然的文风, 抒写了自然的美好、人性的温良、社会的和谐, 讲述哲学原理、道出理论本质, 可以为读者带来轻松舒缓的、多元化的阅读体验。 | |
| 600 | 0 | @a孔丘,@Akong qiu@f前551-前479@x思想评论 |
| 600 | 0 | @a孟轲,@Ameng ke@f约前372-前289@x思想评论 |
| 606 | 0 | @a思想评论@Asi xiang ping lun@y中国@z春秋时代 |
| 606 | 0 | @a思想评论@Asi xiang ping lun@y中国@z战国时代 |
| 690 | @aB222.25@v5 | |
| 690 | @aB222.55@v5 | |
| 701 | 0 | @a王卫华@Awang wei hua@4编著 |
| 701 | 0 | @a王绯烨@Awang fei ye@4编著 |
| 801 | 0 | @aCN@bBJXHZP@c20230228 |
| 905 | @b1397993-6@dB222.25@e1049@f4 | |
| 孔孟思想本源/王卫华, 王绯烨编著.-兰州:甘肃人民出版社,2022.06 |
| 184页;24cm |
| ISBN 978-7-226-05814-5:CNY50.00 |
| 本书是一本介绍中国传统优秀文化的通俗读本。孔子和孟子都是中国古代著名的思想家、哲学家, 他们的哲学思想对后世的影响十分深远, 不仅留下了扎实的哲学理论知识, 也留下了许多令人振聋发聩的哲言警句。所以, 本书从孔子、孟子特有的哲学家视角出发, 将晦涩难懂的文言文散文化、故事化, 通过优美隽永的文字、清新自然的文风, 抒写了自然的美好、人性的温良、社会的和谐, 讲述哲学原理、道出理论本质, 可以为读者带来轻松舒缓的、多元化的阅读体验。 |
| ● |
| 相关链接 |
|
|
|
|
正题名:孔孟思想本源
索取号:B222.25/1049
 
预约/预借
| 序号 | 登录号 | 条形码 | 馆藏地/架位号 | 状态 | 备注 |
| 1 | 1397993 | 213979934 | 第一样本阅览室/ [索取号:B222.25/1049] | 在馆 | |
| 2 | 1397994 | 213979943 | 第一借阅区/ [索取号:B222.25/1049] | 在馆 | |
| 3 | 1397995 | 213979952 | 第一借阅区/ [索取号:B222.25/1049] | 在馆 | |
| 4 | 1397996 | 213979961 | 第一借阅区/ [索取号:B222.25/1049] | 在馆 |